|
|
|
|
| LEADER |
00000caa a22000002c 4500 |
| 001 |
1640219900 |
| 003 |
DE-627 |
| 005 |
20220608131417.0 |
| 007 |
tu |
| 008 |
160223s1990 xx ||||| 00| ||eng c |
| 035 |
|
|
|a (DE-627)1640219900
|
| 035 |
|
|
|a (DE-576)456087184
|
| 035 |
|
|
|a (DE-599)BSZ456087184
|
| 040 |
|
|
|a DE-627
|b ger
|c DE-627
|e rakwb
|
| 041 |
|
|
|a eng
|
| 100 |
1 |
|
|a Bondeson, Ulla
|d 1937-2009
|0 (DE-588)129635634
|0 (DE-627)474593320
|0 (DE-576)164984178
|4 aut
|
| 109 |
|
|
|a Bondeson, Ulla 1937-2009
|a Bondeson, Ulla V. 1937-2009
|a Bondeson, Ulla Viveka 1937-2009
|a Bondeson, U. V. 1937-2009
|
| 245 |
1 |
0 |
|a Criminal careers in correction
|c Ulla Bondeson
|
| 264 |
|
1 |
|c 1990
|
| 336 |
|
|
|a Text
|b txt
|2 rdacontent
|
| 337 |
|
|
|a ohne Hilfsmittel zu benutzen
|b n
|2 rdamedia
|
| 338 |
|
|
|a Band
|b nc
|2 rdacarrier
|
| 773 |
0 |
8 |
|i In
|t Annales internationales de criminologie
|d [Paris] : International Society of Criminology, 1962
|g 28(1990), 1/2, Seite 135-150
|w (DE-627)129888257
|w (DE-600)301602-X
|w (DE-576)015190595
|x 0003-4452
|7 nnas
|
| 773 |
1 |
8 |
|g volume:28
|g year:1990
|g number:1/2
|g pages:135-150
|
| 935 |
|
|
|a mkri
|
| 951 |
|
|
|a AR
|
| ELC |
|
|
|b 1
|
| LOK |
|
|
|0 000 xxxxxcx a22 zn 4500
|
| LOK |
|
|
|0 001 3301672035
|
| LOK |
|
|
|0 003 DE-627
|
| LOK |
|
|
|0 004 1640219900
|
| LOK |
|
|
|0 005 20251021113101
|
| LOK |
|
|
|0 008 160208||||||||||||||||ger|||||||
|
| LOK |
|
|
|0 040
|a DE-21-110
|c DE-627
|d DE-21-110
|
| LOK |
|
|
|0 689
|a s
|a Rückfälligkeit
|
| LOK |
|
|
|0 689
|a s
|a Haftstrafen
|
| LOK |
|
|
|0 852
|a DE-21-110
|
| LOK |
|
|
|0 852 1
|m p
|9 00
|
| LOK |
|
|
|0 935
|a k110
|
| LOK |
|
|
|0 938
|k p
|
| LOK |
|
|
|0 939
|a 08-02-16
|b l01
|
| ORI |
|
|
|a SA-MARC-krimdoka001.raw
|